000 00293nam a22001097a 4500
082 _a080/HAU
100 _aहाउजल
245 _aसेम इज एवर
260 _aमुंबई
_bjaico publishing house
_c2024
650 _aसामान्य वर्ग
942 _cHIN
999 _c67780
_d67780